Psych - All of Gus’s Nicknames - Statistics

General Stats
  • This quiz has been taken 70 times
    51 since last reset
  • The average score is 28 of 151
Answer Stats
Answer % Correct
Killer B
100%
The G
100%
A Playa Named Gus
83%
Baby Burton
75%
Big Head Burton
75%
Black Magic
75%
Resourceful Gus
75%
Tan
67%
Bruton “Gasty” Gaster
58%
Burton “Oil Can” Guster
58%
Ghee Buttersnaps aka The Heater
58%
Magic Head
58%
Methuselah Honeysuckle
50%
Gus T.T. Showbiz
42%
Hummingbird Saltalamacchia
42%
Lavendar Gooms
42%
Black Jell-O
33%
Bud
33%
Dr. Mc…Tok
33%
Fearless Guster
33%
Felicia Fancybottom
33%
Galileo Humpkins
33%
Jazz Hands
33%
MC Clap Yo Handz
33%
Schoonie “U-Turn” Singleton
33%
Scrooge Jones
33%
Sh’Dynasty
33%
Step Anthony Wally Ali
33%
Super Sniffer
33%
The Jackal
33%
Black Star
25%
Burton the Billowy Bear
25%
Clementine Woollysocks
25%
Dequan "Smallpox" Randolph
25%
Die Harder
25%
Dr. Guster
25%
Earnest Lambert Watkins
25%
Francois
25%
Gus “Sillypants” Jackson
25%
Hollabackatcha
25%
Homeskillet
25%
Ovaltine Jenkins
25%
Peter Panic
25%
Shawn
25%
Slicks
25%
Blue Ivy Carter
17%
Chocolate Columbo
17%
Chocolate Einstein
17%
Cowboy Lendo
17%
Detective Miles
17%
Don Cheadle
17%
Don Cheadle, Jr.
17%
Doughnut Holschtein
17%
Ernesto Agapito Garcés con ya de Abelar
17%
Greg
17%
Gurton Buster
17%
Gussie
17%
Imhotep or He Cometh in Peace
17%
Lemongrass Gogulope
17%
Longbranch Pennywhistle
17%
Mr. Vocabulary
17%
Nick-Nack
17%
Old Iron Stomach
17%
Shmuel Cohen
17%
Squirts MacIntosh
17%
Sterling Cooper
17%
Suggs
17%
Tabrickisha Schillington
17%
Tap Man
17%
Taye Diggs
17%
Trapezious Milkington
17%
Benedict Arnold Jackson
8%
Bill Ofrights
8%
Blacula
8%
Brutal Hustler
8%
Burton Guster-Rodriguez
8%
Burton Trout
8%
Candyman
8%
Chaz Bono
8%
Chesterfield McMillan and wife
8%
Control Alt Delete
8%
Count Chocula
8%
Crankshaft
8%
Darryl
8%
Deon Richmond
8%
Django Unchained
8%
Fellatio Del Toro
8%
Flapjack Palmdale
8%
G-Force
8%
Gurn Blandsten
8%
Gus Brown
8%
Gusjay Gupta
8%
Guts
8%
Immaculate Conception
8%
Ingle Woods
8%
John Slade
8%
Jonas Gustavsson
8%
Jonathan Jacob Jingly Smith
8%
Larenz Tate
8%
Lodge Blackmunn
8%
Marry Munroe
8%
Mellowrush
8%
Mission Figgs
8%
Miss Whittlebury
8%
My Logic Brain
8%
My Magic Wish Machine
8%
My Partner
8%
Nutella
8%
Original G-String aka Crowd Pleasah
8%
Pootie Tang
8%
Radiostar
8%
Rich Fingerland aka Bob Adams
8%
Road Rash
8%
Robert "Booooooooooob" Jones
8%
Ron Davis
8%
Santonio Holmes
8%
Sher-Black-Lock
8%
The Vault of Secrets
8%
Tin Tummy
8%
Trending Ontwitter
8%
Vijay Armitraj
8%
Watson Williams
8%
Yasmine Bleeth
8%
All the Pips in One
0%
Bad News Marvin Barnes
0%
Big Poppa Pump
0%
Bill Poopingtons
0%
Birdindahand Anddabush
0%
Black Jack Arnold
0%
Burton Guster Black Spencer
0%
Cheswickie
0%
Claude O’Dirt
0%
Dale
0%
Denzel Diggs Underwood Morris Chestnut Washington
0%
Dijon Honsou
0%
Ding Dong Ditch
0%
Domo Arigato
0%
Eric Chin
0%
Gigi Van Trarn
0%
Gustice
0%
Jermajesty
0%
John Pawn
0%
King Mongkut
0%
L’Eggo My Eggo
0%
Lemona-Lemona-Lemona Lime
0%
Lil’ Wayne
0%
Mr. Tibbs
0%
My Black Cameron
0%
My Little Chocolate Chippy-Chip
0%
Norman Brownbutter
0%
Old Iron Sides
0%
No matching quizzes found
Score Distribution
Percent of People with Each Score
Percentile by Number Answered
Your Score History
You have not taken this quiz since the last reset